عرض عادي
عرض مارك
- Elections
دخول Topical Term
001 - CONTROL NUMBER
- control field: 22307
003 - CONTROL NUMBER IDENTIFIER
- control field: AE-AdECS
005 - DATE AND TIME OF LATEST TRANSACTION
- control field: 20251027123301.0
008 - FIXED-LENGTH DATA ELEMENTS
- fixed length control field: 251027|| aca||aabn | a|a d
040 ## - CATALOGING SOURCE
- Original cataloging agency: AE-AdECS
- Transcribing agency: AE-AdECS
150 ## - HEADING--TOPICAL TERM
- Topical term or geographic name entry element: Elections
670 ## - SOURCE DATA FOUND
- Source citation: Work cat.: (AE-AdECS)35827: Belenky, Alexander S, author. 22306, Who will be the next president? :
